G85-银昆高速公路途径行政区 - Statistics

General Stats
  • This quiz has been taken 9 times
  • The average score is 17 of 21
Answer Stats
序号 行政区 备注 % Correct
1 银川 起点段
100%
2 吴忠 金银滩枢纽
100%
3 银川 石沟驿互通
89%
4 吴忠 主段
89%
5 中卫
89%
6 固原
89%
7 平凉
89%
8 宝鸡
89%
9 汉中
89%
10 巴中
89%
11 南充
89%
12 广安
89%
13 重庆
89%
14 内江
78%
16 宜宾
78%
17 昭通 主段
78%
15 自贡
67%
18 毕节 田坝互通
67%
19 昭通 江底南北互通
67%
20 曲靖
67%
21 昆明
56%
No matching quizzes found
Score Distribution
Percent of People with Each Score
Percentile by Number Answered
Your Score History
You have not taken this quiz